Formel 1 - Spezial Lackierungen #1 - Statistiken

Allgemein
  • Dieses Quiz wurde 38 mal gespielt
    6 seit der letzten Aktualisierung
  • Das Durchschnittsergebnis liegt bei 16 aus 27
Antwortstatistiken
Bildquiz Antwort % Korrekt
Ferrari
100%
Alfa Romeo
83%
Haas
83%
McLaren
83%
Mercedes
83%
Red Bull
83%
Visa Cash App Racing Bulls
83%
2020
67%
2021
67%
2023
67%
2025
67%
2025
67%
McLaren
67%
Monaco (Monte Carlo)
67%
Red Bull
67%
USA (Miami)
67%
2019
50%
2021
50%
Italien (Monza)
50%
Türkei (Istanbul Park)
50%
1986
33%
2007
33%
Deutschland (Hockenheimring)
33%
Italien (Mugello)
33%
Kanada (Montréal)
17%
Großbritannien (Silverstone)
0%
Portugal (Estoril)
0%
Keine übereinstimmenden Quizze gefunden
Verteilung der Resultate
Anzahl Personen mit jedem Resultat
Perzentil nach korrekt beantworteten Fragen
Ihre Resultats-Entwicklung
Sie haben dieses Quiz seit der letzten Aktualisierung nicht gespielt